| 000 | 00543nam a2200181Ia 4500 | ||
|---|---|---|---|
| 003 | OSt | ||
| 005 | 20200826094845.0 | ||
| 008 | 190216s9999||||xx |||||||||||||| ||und|| | ||
| 020 | _a8185015821 | ||
| 040 | _coclc | ||
| 082 |
_a530 _bFEY/F |
||
| 100 |
_aFeynman, Richard P _94340 |
||
| 245 | 4 |
_aThe Feynman Lectures On Physics / _cRichard P Feynman ; R B Leighton ; M Sands |
|
| 260 |
_bNarosa Publishing House, _c2003. _aNew Delhi: |
||
| 300 | _a675p | ||
| 650 | _aPhysics | ||
| 942 |
_cBK _2ddc _h530 _iFEY/F _k530 _mFEY/F |
||
| 999 |
_c33795 _d33795 |
||